[Event "50th Rilton Cup 2022-23"]
[Site "Stockholm SWE"]
[Date "2022.12.28"]
[Round "2.43"]
[White "Khenkin, Igor"]
[Black "Ornstein, Axel"]
[Result "1/2-1/2"]
[WhiteTitle "GM"]
[BlackTitle "IM"]
[WhiteElo "2508"]
[BlackElo "2249"]
[WhiteFideId "4659600"]
[BlackFideId "1700111"]
[EventDate "2022.12.27"]

1. d4 d5 2. c4 e6 3. Nf3 c6 4. e3 Nf6 5. b3 Nbd7 6. Bb2 Ne4 7. Bd3 f5 8. O-O Bd6
9. Ne5 O-O 10. Nd2 Nxd2 11. Qxd2 Nxe5 12. dxe5 Be7 13. Rac1 b6 14. cxd5 Qxd5 15.
Qe2 c5 16. e4 Qc6 17. exf5 exf5 18. Rfd1 Be6 19. Bb5 Qc7 20. Bc4 Bxc4 21. Qxc4+
Kh8 22. e6 Rad8 23. Re1 Bg5 24. Rc2 Qe7 25. Rce2 Bf6 26. Be5 Bxe5 27. Rxe5 Rd6
28. g3 g6 29. b4 cxb4 30. Qxb4 Re8 31. Qf4 Kg7 32. h4 h5 33. Kg2 Red8 34. Qb4
Kf8 35. Qc3 Kg8 36. R5e3 Rd2 37. a3 R2d4 38. Qc6 R4d6 39. Qc3 Rd4 40. Qc6 R4d6
41. Qc1 Re8 42. Qc4 Qb7+ 43. Kh2 Qd5 44. Qf4 Rexe6 45. Rxe6 Rxe6 46. Qb8+ Kf7
47. Qxa7+ Kf6 48. Rxe6+ Qxe6 49. Qc7 b5 50. Qb8 Qc6 51. Qf8+ Ke5 52. Qe7+ 1/2-1/2

[Event "50th Rilton Cup 2022-23"]
[Site "Stockholm SWE"]
[Date "2022.12.28"]
[Round "2.44"]
[White "Moksh, Amit Doshi"]
[Black "Aditya, Varun Gampa"]
[Result "1-0"]
[WhiteTitle "IM"]
[WhiteElo "2414"]
[BlackElo "2249"]
[WhiteFideId "25064967"]
[BlackFideId "45066183"]
[EventDate "2022.12.27"]

1. d4 Nf6 2. c4 e6 3. Nf3 d5 4. g3 dxc4 5. Bg2 c5 6. O-O Nc6 7. dxc5 Qxd1 8.
Rxd1 Bxc5 9. Nbd2 c3 10. bxc3 O-O 11. Nb3 Be7 12. Nfd4 Bd7 13. a4 Nd5 14. Nb5 a6
15. Nc7 Rac8 16. Nxd5 exd5 17. Bxd5 Bf6 18. Ba3 Rfd8 19. Rac1 b6 20. f4 Na5 21.
Nxa5 bxa5 22. Rd3 Bxa4 23. e4 Re8 24. c4 Bc6 25. Bxc6 Rxc6 26. e5 Bd8 27. Rd6
Rc8 28. Rxa6 a4 29. Rxa4 f6 30. Bd6 fxe5 31. Bxe5 Bb6+ 32. Kg2 Red8 33. Rc2 Bc5
34. Ra5 Rd7 35. Rb5 Rc6 36. Rb8+ Kf7 37. Rcb2 Ke6 38. R8b7 Rd1 39. Re2 Rg1+ 40.
Kh3 Kf5 41. Rf7+ Kg6 42. Rxg7+ Kh6 43. Rg5 Rg6 44. Kg4 Rxg5+ 45. fxg5+ Kg6 46.
h4 Rh1 47. Bf4 Rd1 48. h5+ Kf7 49. Kf5 Bf8 50. g6+ hxg6+ 51. hxg6+ Kg8 52. Re8
Rh1 53. Bd6 Rh5+ 54. Kf6 1-0

[Event "50th Rilton Cup 2022-23"]
[Site "Stockholm SWE"]
[Date "2022.12.28"]
[Round "2.45"]
[White "Willow, Jonah B"]
[Black "Rasti, Arvin"]
[Result "1-0"]
[WhiteTitle "IM"]
[WhiteElo "2409"]
[BlackElo "2249"]
[WhiteFideId "438804"]
[BlackFideId "1741160"]
[EventDate "2022.12.27"]

1. e4 c6 2. d4 d5 3. e5 c5 4. Nf3 cxd4 5. Qxd4 Nc6 6. Qf4 e6 7. Nc3 h6 8. h4 Bc5
9. Bd3 Nb4 10. O-O Nxd3 11. cxd3 Bd7 12. Qg4 g6 13. Be3 h5 14. Qf4 Be7 15. Ne2
Nh6 16. Ng5 Nf5 17. Rac1 O-O 18. Bc5 Bxc5 19. Rxc5 Qb6 20. Rc2 Rac8 21. Rfc1
Rxc2 22. Rxc2 Rc8 23. Rxc8+ Bxc8 24. Ng3 Qxb2 25. Qa4 Qc1+ 26. Kh2 Nh6 27. f3
Qc7 28. Qf4 Qe7 29. Qc1 Qd8 30. Qc5 b6 31. Qc6 Qd7 32. Qc1 Kg7 33. Qf4 Qe7 34.
Ne2 Nf5 35. g4 hxg4 36. fxg4 Nh6 37. Nd4 Bd7 38. Ngf3 Be8 39. Kg3 Ng8 40. g5 Kh7
41. h5 gxh5 42. Qh4 Kg7 43. Qxh5 Qa3 44. g6 Nh6 45. Qg5 Ng8 46. Qh4 Kxg6 47.
Qg4+ Kh7 48. Ng5+ Kh8 49. Qh5+ Kg7 50. Ndxe6+ 1-0

[Event "50th Rilton Cup 2022-23"]
[Site "Stockholm SWE"]
[Date "2022.12.28"]
[Round "2.46"]
[White "Lye, Lik Zang"]
[Black "Wagh, Suyog"]
[Result "1/2-1/2"]
[WhiteTitle "FM"]
[BlackTitle "FM"]
[WhiteElo "2241"]
[BlackElo "2376"]
[WhiteFideId "5712181"]
[BlackFideId "25071688"]
[EventDate "2022.12.27"]

1. d4 Nf6 2. c4 e6 3. Nc3 Bb4 4. f3 c5 5. d5 b5 6. e4 d6 7. a3 Ba5 8. Bd3 O-O 9.
Ne2 bxc4 10. Bxc4 Ba6 11. Bxa6 Nxa6 12. O-O exd5 13. Nxd5 Nxd5 14. Qxd5 Nc7 15.
Qc4 d5 16. exd5 Qxd5 17. Qxd5 Nxd5 18. Rd1 Rfe8 19. Kf2 Rad8 20. Nf4 Nb6 21. Be3
c4 22. Rxd8 Rxd8 23. Rc1 h6 24. Ke2 Re8 25. Kf2 Rd8 26. Ke2 Re8 27. Kf2 Rd8 1/2-1/2

[Event "50th Rilton Cup 2022-23"]
[Site "Stockholm SWE"]
[Date "2022.12.28"]
[Round "2.47"]
[White "Rietze, Clemens"]
[Black "Rakshitta, Ravi"]
[Result "0-1"]
[WhiteTitle "FM"]
[BlackTitle "WIM"]
[WhiteElo "2359"]
[BlackElo "2242"]
[WhiteFideId "24620351"]
[BlackFideId "25073230"]
[EventDate "2022.12.27"]

1. d4 Nf6 2. c4 e6 3. Nf3 d5 4. Nc3 c5 5. cxd5 Nxd5 6. e3 cxd4 7. exd4 Nxc3 8.
bxc3 Qc7 9. Bd2 Nd7 10. Bd3 b6 11. a4 Bb7 12. a5 Bd6 13. O-O O-O 14. Re1 bxa5
15. Qe2 Bf4 16. Bxf4 Qxf4 17. Rxa5 Rfc8 18. Ra3 a5 19. Rea1 g6 20. Qe3 Qd6 21.
Bb5 Bc6 22. Be2 a4 23. Nd2 Nb6 24. c4 Rd8 25. d5 Bb7 26. Ne4 Qb4 27. Qh6 Qb2 28.
R3a2 Qg7 29. Qxg7+ Kxg7 30. Rb2 exd5 31. Rxb6 dxe4 32. Rxb7 Rd2 33. Kf1 a3 34.
Rbb1 a2 35. Rc1 Rb8 36. c5 Rbb2 37. Bc4 Rxf2+ 38. Ke1 Rxg2 39. c6 e3 40. Rxa2
Rxa2 41. c7 Rg1+ 42. Bf1 Rf2 0-1

[Event "50th Rilton Cup 2022-23"]
[Site "Stockholm SWE"]
[Date "2022.12.28"]
[Round "2.48"]
[White "Van Dael, Siem"]
[Black "Lever, Erwan"]
[Result "1-0"]
[WhiteTitle "FM"]
[WhiteElo "2345"]
[BlackElo "2241"]
[WhiteFideId "1049771"]
[BlackFideId "20640099"]
[EventDate "2022.12.27"]

1. e4 c5 2. Nf3 e6 3. d4 cxd4 4. Nxd4 Nf6 5. Nc3 Nc6 6. Ndb5 Bc5 7. Bf4 O-O 8.
Bc7 Qe7 9. Bd6 Bxd6 10. Qxd6 Qd8 11. O-O-O a6 12. Nd4 Ne7 13. Qg3 b5 14. e5 Ne8
15. Ne4 Qb6 16. Nf6+ Nxf6 17. exf6 Ng6 18. h4 Qb8 19. fxg7 Kxg7 20. Qc3 f6 21.
h5 Qf4+ 22. Kb1 Ne7 23. g3 Qxf2 24. Qc5 Kf7 25. Bd3 Nc6 26. Bg6+ hxg6 27. hxg6+
Ke8 28. g7 Rg8 29. Rh8 Kf7 30. Qf8+ Kg6 31. Qxg8 1-0

[Event "50th Rilton Cup 2022-23"]
[Site "Stockholm SWE"]
[Date "2022.12.28"]
[Round "2.49"]
[White "Ilamparthi, A R"]
[Black "Acikel, Mert"]
[Result "0-1"]
[BlackTitle "FM"]
[WhiteElo "2336"]
[BlackElo "2234"]
[WhiteFideId "45015775"]
[BlackFideId "12956465"]
[EventDate "2022.12.27"]

1. e4 e5 2. Nf3 Nc6 3. Bb5 a6 4. Ba4 Nf6 5. O-O Be7 6. d3 b5 7. Bb3 d6 8. c3 O-O
9. a4 Bd7 10. h3 Na5 11. Bc2 c5 12. Be3 Qc7 13. Re1 Rab8 14. Nbd2 Rfe8 15. d4 b4
16. d5 c4 17. g4 b3 18. Bb1 h5 19. gxh5 Bxh3 20. Nh2 Qc8 21. Qf3 Bg4 22. Qg3
Bxh5 23. f4 Ng4 24. f5 Nxe3 25. Rxe3 Qd8 26. Qh3 Bg5 27. Rg3 Bxd2 28. Qxh5 Bf4
29. Rg2 Bxh2+ 30. Rxh2 Kf8 31. f6 gxf6 32. Bd3 Ke7 33. Be2 Qb6+ 34. Kh1 Qe3 35.
Qf5 Rh8 36. Bg4 Rxh2+ 37. Kxh2 Rh8+ 38. Kg2 Qd2+ 39. Kf3 Rh2 40. Bh3 Rf2+ 0-1

[Event "50th Rilton Cup 2022-23"]
[Site "Stockholm SWE"]
[Date "2022.12.28"]
[Round "2.50"]
[White "Katkov, Michelle"]
[Black "Lahdelma, Henri"]
[Result "0-1"]
[WhiteTitle "WFM"]
[BlackTitle "FM"]
[WhiteElo "2220"]
[BlackElo "2332"]
[WhiteFideId "2816393"]
[BlackFideId "510394"]
[EventDate "2022.12.27"]

1. e4 c6 2. d4 d5 3. exd5 cxd5 4. Bd3 Nc6 5. c3 Qc7 6. Nf3 Bg4 7. Nbd2 e6 8. O-O
Bd6 9. h3 Bh5 10. Re1 Nge7 11. Nf1 a6 12. Bg5 f6 13. Bh4 Bf7 14. Bg3 Bxg3 15.
Nxg3 h5 16. h4 O-O-O 17. b4 Rdg8 18. a4 g5 19. b5 Na5 20. bxa6 b6 21. hxg5 h4
22. Nf1 Ng6 23. N1h2 Nf4 24. Ng4 Bh5 25. Nxf6 Rxg5 26. Nxh5 Rxg2+ 27. Kh1 Rxh5
28. Rxe6 Qd7 29. Qe1 Nxe6 30. Bb5 Qf7 31. Kxg2 h3+ 32. Kg1 Qg6+ 33. Kf1 Qg2+ 34.
Ke2 h2 35. Qh1 Nf4+ 36. Ke3 Qg4 37. Ne5 Ng2+ 38. Kd2 Nb3+ 39. Kc2 Nxa1+ 40. Kb2
Qf4 41. Bc6 Qxf2+ 42. Ka3 Nc2+ 43. Kb3 Nb4 44. Qd1 Qa2+ 45. Kxb4 Qb2+ 46. Qb3
Qxb3+ 47. Kxb3 Rh7 0-1

[Event "50th Rilton Cup 2022-23"]
[Site "Stockholm SWE"]
[Date "2022.12.28"]
[Round "2.52"]
[White "Ostlund, Joar"]
[Black "Karavade, Eesha"]
[Result "1-0"]
[WhiteTitle "CM"]
[BlackTitle "IM"]
[WhiteElo "2212"]
[BlackElo "2325"]
[WhiteFideId "1735020"]
[BlackFideId "5012600"]
[EventDate "2022.12.27"]

1. d4 Nf6 2. c4 g6 3. Nc3 d5 4. cxd5 Nxd5 5. Bd2 c5 6. Rc1 Nxc3 7. Bxc3 Bh6 8.
e3 cxd4 9. Qxd4 Qxd4 10. Bxd4 O-O 11. Nf3 Nc6 12. Bc3 Be6 13. a3 Rac8 14. Be2
Na5 15. Nd4 Nb3 16. Nxe6 Nxc1 17. Nxf8 Nxe2 18. Nxg6 hxg6 19. Kxe2 Bg7 20. Rc1
Rc6 21. Kd2 Rd6+ 22. Kc2 Bxc3 23. Kxc3 Kg7 24. Rc2 Kf6 25. Rd2 Rc6+ 26. Kd3 Rd6+
27. Ke2 Rb6 28. b4 Rc6 29. Ra2 Rc1 30. Rd2 Ra1 31. Rd3 e5 32. Kf3 Ra2 33. Rc3
Ke6 34. g4 g5 35. Kg3 f6 36. h3 e4 37. Rc4 Ke5 38. Rc3 Ke6 39. Kg2 Ke5 40. Rc5+
Ke6 41. Rc4 Ke5 42. Rc3 Kd6 43. b5 Kd5 44. Kg3 Rb2 45. a4 Ra2 46. Rc7 Rxa4 47.
Rxb7 Ra2 48. Rd7+ Ke5 49. Rc7 Rb2 50. Rxa7 Rxb5 51. h4 gxh4+ 52. Kxh4 Rb2 53.
Ra5+ Ke6 54. Rf5 Rb8 55. Rf4 Ke5 56. Kh5 Rg8 57. Kh6 Ke6 58. Kh7 Rg5 59. Rxe4+
Kf7 60. Ra4 Rg7+ 61. Kh6 Rg8 62. Ra7+ Ke6 63. Kh5 Rh8+ 64. Kg6 Rh4 65. Ra4 Rh8
66. Re4+ 1-0

[Event "50th Rilton Cup 2022-23"]
[Site "Stockholm SWE"]
[Date "2022.12.28"]
[Round "2.53"]
[White "Mittelberger, Peter"]
[Black "Crevatin, Leo"]
[Result "0-1"]
[BlackTitle "FM"]
[WhiteElo "2206"]
[BlackElo "2319"]
[WhiteFideId "1602942"]
[BlackFideId "1726307"]
[EventDate "2022.12.27"]

1. c4 e6 2. Nf3 d5 3. e3 Nf6 4. b3 b6 5. Bb2 Bb7 6. Be2 Bd6 7. O-O Nbd7 8. Nc3
a6 9. a4 O-O 10. d4 dxc4 11. bxc4 c5 12. Qb3 Qc7 13. h3 Rab8 14. d5 exd5 15.
cxd5 Rfe8 16. Bc4 Ne5 17. Nxe5 Bxe5 18. Rfd1 Bd6 19. Qc2 Qe7 20. Ne2 Ne4 21. f3
Ng3 22. e4 Qh4 23. Nxg3 Qxg3 24. Qf2 Qh2+ 25. Kf1 Bc8 26. Qg1 Qf4 27. Bc1 Qf6
28. Rb1 Bxh3 29. Qf2 Bd7 30. Bb2 Be5 31. Bxe5 Qxe5 32. Bxa6 Bxa4 33. Rd2 Qc3 34.
Rdb2 c4 35. Rxb6 Bb3 36. Rxb8 Rxb8 37. Qa7 0-1

[Event "50th Rilton Cup 2022-23"]
[Site "Stockholm SWE"]
[Date "2022.12.28"]
[Round "2.54"]
[White "Bellon Lopez, Juan Manuel"]
[Black "Ask, Josef"]
[Result "1-0"]
[WhiteTitle "GM"]
[BlackTitle "FM"]
[WhiteElo "2314"]
[BlackElo "2202"]
[WhiteFideId "2200031"]
[BlackFideId "1704583"]
[EventDate "2022.12.27"]

1. d4 e6 2. Nf3 f5 3. d5 Nf6 4. dxe6 dxe6 5. Qxd8+ Kxd8 6. Bg5 Bc5 7. e3 Ke7 8.
Nc3 Nd7 9. Bc4 Nb6 10. Bb3 a5 11. a3 Bd7 12. O-O-O Rhd8 13. Ne5 Be8 14. h3 Nd7
15. Nd3 h6 16. Bxf6+ Kxf6 17. g4 g6 18. Rh2 Bf7 1-0

[Event "50th Rilton Cup 2022-23"]
[Site "Stockholm SWE"]
[Date "2022.12.28"]
[Round "2.55"]
[White "Harshad, S"]
[Black "Kononenko, Dmitry2"]
[Result "1/2-1/2"]
[WhiteTitle "FM"]
[BlackTitle "FM"]
[WhiteElo "2202"]
[BlackElo "2301"]
[WhiteFideId "46616551"]
[BlackFideId "14113538"]
[EventDate "2022.12.27"]

1. e4 e5 2. Nf3 Nf6 3. Nxe5 d6 4. Nf3 Nxe4 5. Bd3 Nf6 6. O-O Be7 7. c3 O-O 8.
Bc2 d5 9. h3 Re8 10. d4 Nbd7 11. Ne5 Bd6 12. f4 Nf8 13. Nd2 c6 14. a4 Re7 15. a5
Qc7 16. b4 Ne8 17. Qf3 f6 18. Ng4 Be6 19. Ne3 Kh8 20. Nb3 Rd8 21. Bd2 b6 22. Kh1
Qc8 23. Rae1 Nc7 24. Bd3 Rde8 25. g4 Qd8 26. Nc2 Nd7 27. f5 Bg8 28. Bf4 Bxf4 29.
Qxf4 c5 30. axb6 axb6 31. bxc5 bxc5 32. Rxe7 Rxe7 33. Nxc5 Nxc5 34. dxc5 d4 35.
cxd4 Qd5+ 36. Kh2 Qb3 37. Qd2 Nd5 38. Rf3 Qb8+ 39. Kg1 Rb7 40. Be4 Rb1+ 41. Kg2 1/2-1/2

[Event "50th Rilton Cup 2022-23"]
[Site "Stockholm SWE"]
[Date "2022.12.28"]
[Round "2.56"]
[White "Kalogridis, Antonios"]
[Black "Soderstrom, Adrian"]
[Result "1-0"]
[WhiteTitle "FM"]
[BlackTitle "CM"]
[WhiteElo "2293"]
[BlackElo "2202"]
[WhiteFideId "25833901"]
[BlackFideId "1745786"]
[EventDate "2022.12.27"]

1. d4 Nf6 2. c4 g6 3. Nc3 d5 4. Nf3 Bg7 5. h4 dxc4 6. e4 c5 7. d5 b5 8. h5 O-O
9. hxg6 fxg6 10. Qc2 Na6 11. a3 Qa5 12. Be2 Nb4 13. axb4 Qxa1 14. O-O cxb4 15.
Nxb5 Qa5 16. d6 exd6 17. Nxd6 Ba6 18. Bxc4+ Kh8 19. Ng5 Qc7 20. Ngf7+ Rxf7 21.
Nxf7+ Kg8 22. Ne5+ Bxc4 23. Nxc4 Ng4 24. g3 Re8 25. b3 Ne5 26. Bf4 Qc5 27. Bxe5
Bxe5 28. Kg2 Rd8 29. Rd1 Rd4 30. Rxd4 Bxd4 31. Qe2 Kg7 32. f4 Bf6 33. e5 Bd8 34.
Qf2 Qd5+ 35. Qf3 Qd4 36. Nd6 Qd2+ 37. Kh3 Kh6 38. Nf7+ Kg7 39. Qb7 Kf8 40. Nd6
Be7 41. Qc8+ Kg7 42. Qd7 Kg8 43. Qe8+ 1-0

[Event "50th Rilton Cup 2022-23"]
[Site "Stockholm SWE"]
[Date "2022.12.28"]
[Round "2.57"]
[White "Joel Paul Ganta"]
[Black "Kolbus, Dietmar"]
[Result "0-1"]
[BlackTitle "IM"]
[WhiteElo "2183"]
[BlackElo "2292"]
[WhiteFideId "35066145"]
[BlackFideId "4610628"]
[EventDate "2022.12.27"]

1. e4 c5 2. Nf3 d6 3. d4 cxd4 4. Nxd4 Nf6 5. Nc3 a6 6. Bg5 e6 7. f4 Be7 8. Qf3
Qc7 9. O-O-O Nbd7 10. g4 b5 11. Bxf6 Nxf6 12. g5 Nd7 13. Qh5 g6 14. Qh6 b4 15.
Qg7 Rf8 16. Nce2 Bb7 17. Ng3 e5 18. fxe5 Bxg5+ 19. Kb1 dxe5 20. Nb3 Nf6 21. Nf5
Nxe4 22. Qxh7 Nf6 23. Qh3 Bxh1 24. Nbd4 gxf5 25. Nxf5 Rg8 26. Qb3 Rd8 27. Bd3
Be4 28. Ng3 Bxd3 29. cxd3 Bf4 30. Nf5 Qd7 0-1

[Event "50th Rilton Cup 2022-23"]
[Site "Stockholm SWE"]
[Date "2022.12.28"]
[Round "2.58"]
[White "Priyanka, K"]
[Black "Shaik, Sumer Arsh"]
[Result "1-0"]
[WhiteTitle "WIM"]
[BlackTitle "CM"]
[WhiteElo "2146"]
[BlackElo "2290"]
[WhiteFideId "5082986"]
[BlackFideId "45020000"]
[EventDate "2022.12.27"]

1. e4 e5 2. Nf3 Nc6 3. d4 exd4 4. Nxd4 Nf6 5. Nxc6 bxc6 6. e5 Qe7 7. Qe2 Nd5 8.
h4 Qe6 9. Nd2 Be7 10. Nf3 c5 11. Ng5 Bxg5 12. hxg5 Nb4 13. f4 Qf5 14. Kd1 Ba6
15. c4 O-O-O 16. g3 Qe6 17. Be3 Qc6 18. Bg2 d5 19. Kc1 Qa4 20. Bxc5 Nxa2+ 21.
Kb1 Bxc4 22. Qe3 d4 23. Qa3 Qxa3 24. Bxa3 d3 25. Rxa2 d2 26. Bf3 Bxa2+ 27. Kxa2
Rd3 28. Bg4+ Kb8 29. Rd1 Rxg3 30. Be2 Rd8 31. Bc5 Rd5 32. b4 h6 33. gxh6 gxh6
34. Bc4 Rd7 35. f5 Rg7 36. e6 fxe6 37. fxe6 Rd8 38. Bb5 Rd5 39. Bc4 Rd8 40. Kb2
c6 41. Kc2 Kc8 42. Rxd2 Rxd2+ 43. Kxd2 Kd8 44. Be2 Rg2 45. Ke3 Rg5 46. e7+ Kd7
47. Bf3 Re5+ 48. Kf4 Re1 49. Bg4+ Kc7 50. Be3 1-0

[Event "50th Rilton Cup 2022-23"]
[Site "Stockholm SWE"]
[Date "2022.12.28"]
[Round "2.59"]
[White "Falkevall, Axel"]
[Black "Loay, Sameer"]
[Result "1/2-1/2"]
[WhiteTitle "FM"]
[BlackTitle "IM"]
[WhiteElo "2287"]
[BlackElo "2153"]
[WhiteFideId "1735560"]
[BlackFideId "8104239"]
[EventDate "2022.12.27"]

1. d4 Nf6 2. c4 g6 3. Nc3 Bg7 4. e4 O-O 5. Be2 d6 6. Be3 e5 7. d5 Na6 8. h4 Nc5
9. Qc2 c6 10. h5 cxd5 11. cxd5 Qa5 12. h6 Bh8 13. f3 Bd7 14. a3 Na4 15. Rc1 Rfc8
16. Qd2 Nh5 17. g4 Nf4 18. Bf1 Bf6 19. Nh3 Nxc3 20. Rxc3 Qa4 21. g5 Rxc3 22.
bxc3 Bxh3 23. gxf6 Bxf1 24. Kxf1 Qc4+ 25. Kf2 Nd3+ 26. Kg3 b6 27. a4 Rc8 28. a5
bxa5 29. Rb1 a4 30. Rb7 a6 31. Qc2 Ne1 32. Qf2 Nd3 33. Qc2 Ne1 34. Qf2 Nd3 1/2-1/2

[Event "50th Rilton Cup 2022-23"]
[Site "Stockholm SWE"]
[Date "2022.12.28"]
[Round "2.60"]
[White "Mahitosh, Dey"]
[Black "Tryggestad, Andreas Garberg"]
[Result "1/2-1/2"]
[WhiteTitle "FM"]
[BlackTitle "FM"]
[WhiteElo "2134"]
[BlackElo "2276"]
[WhiteFideId "25091468"]
[BlackFideId "1513338"]
[EventDate "2022.12.27"]

1. d4 Nf6 2. Nc3 d5 3. Bf4 a6 4. Nf3 e6 5. e3 c5 6. dxc5 Bxc5 7. Bd3 b5 8. a3
Bb7 9. O-O O-O 10. Qe2 Ne4 11. Bxe4 dxe4 12. Ng5 Nd7 13. Ncxe4 Qb6 14. Nxc5 Nxc5
15. Be5 Qc6 16. f3 Nd7 17. Bg3 Nb6 18. Ne4 Na4 19. c3 Qb6 20. Rad1 Bd5 21. Rfe1
Rad8 22. Rd4 f6 23. Red1 Bxe4 24. fxe4 e5 25. Rd5 Kh8 26. Qd2 Rc8 27. Rd6 Qb7
28. Qc2 Nc5 29. R1d5 h6 30. h3 Qf7 31. Kh2 Qe7 32. c4 Ne6 33. c5 Rfd8 34. Rxd8+
Nxd8 35. b4 Nc6 36. Qe2 Rc7 37. Rd6 Qf7 38. Be1 Qb3 39. Qd3 Qxd3 40. Rxd3 Kg8
41. Rd6 Kf7 42. Kg3 Ke7 43. Kg4 Kf7 44. Kh5 Kg8 45. Kg4 Kf7 46. Kh5 Kg8 47. Kg4 1/2-1/2

[Event "50th Rilton Cup 2022-23"]
[Site "Stockholm SWE"]
[Date "2022.12.28"]
[Round "2.61"]
[White "Torngren, Gustav"]
[Black "Mierins, Emils Janis"]
[Result "1-0"]
[WhiteTitle "FM"]
[WhiteElo "2275"]
[BlackElo "2118"]
[WhiteFideId "1728970"]
[BlackFideId "11616830"]
[EventDate "2022.12.27"]

1. c4 e5 2. Nc3 Nf6 3. e3 Bb4 4. Qb3 Bxc3 5. Qxc3 Nc6 6. b4 d6 7. Nf3 O-O 8. Be2
a5 9. b5 Ne7 10. O-O Ng6 11. d3 h5 12. e4 h4 13. Bg5 h3 14. g3 Bg4 15. Rae1 Qd7
16. Bxf6 gxf6 17. d4 c5 18. bxc6 Qxc6 19. d5 Qa4 20. Nh4 Bxe2 21. Rxe2 Nxh4 22.
gxh4 Kh8 23. Kh1 Rg8 24. Qe3 Rg6 25. h5 Rg5 26. f4 Rxh5 27. fxe5 fxe5 28. Qf3
Rh6 29. Qe3 Rh5 30. Rf6 Rh7 31. Re1 Qxa2 32. Rf2 Qxc4 33. Qg5 Qc7 34. Qf6+ Kg8
35. Rg1+ Kf8 36. Qg6 Qc5 37. Rgf1 1-0

[Event "50th Rilton Cup 2022-23"]
[Site "Stockholm SWE"]
[Date "2022.12.28"]
[Round "2.62"]
[White "Arhan, Chethan Anand"]
[Black "Mertanen, Janne"]
[Result "0-1"]
[BlackTitle "FM"]
[WhiteElo "2112"]
[BlackElo "2269"]
[WhiteFideId "45062510"]
[BlackFideId "501875"]
[EventDate "2022.12.27"]

1. d4 Nf6 2. c4 e6 3. Nf3 c5 4. d5 d6 5. Nc3 exd5 6. cxd5 g6 7. Nd2 Bg7 8. e4
O-O 9. Be2 Re8 10. O-O Na6 11. Re1 Nc7 12. a4 Rb8 13. Qc2 a6 14. a5 Bg4 15. f3
Bd7 16. Nc4 Bb5 17. Be3 Bxc4 18. Bxc4 b5 19. axb6 Rxb6 20. Bf2 Nd7 21. Ra2 Qf6
22. Be2 Reb8 23. Be3 g5 24. Qd2 h6 25. g3 Ne5 26. f4 gxf4 27. gxf4 Ng6 28. Kh1
Kh8 29. Rg1 Rb4 30. Bd3 Qh4 31. Rg3 Ne8 32. Qf2 Nf6 33. Bc1 Nh5 34. Rf3 Qg4 35.
Rxa6 Bd4 36. Qg2 Qxg2+ 37. Kxg2 Nh4+ 38. Kh3 Nxf3 39. Rxd6 R4b6 40. Rd7 Ng1+ 41.
Kh4 Nf6 42. Rxf7 Bf2# 0-1

[Event "50th Rilton Cup 2022-23"]
[Site "Stockholm SWE"]
[Date "2022.12.28"]
[Round "2.63"]
[White "Schenderowitsch, Michael"]
[Black "Sadekov, Maksim"]
[Result "1/2-1/2"]
[WhiteTitle "FM"]
[WhiteElo "2269"]
[BlackElo "2113"]
[WhiteFideId "4661923"]
[BlackFideId "4508912"]
[EventDate "2022.12.27"]

1. d4 e6 2. c4 f5 3. g3 Nf6 4. Bg2 c6 5. Nh3 d5 6. Qc2 Bd6 7. Bf4 O-O 8. O-O Qe7
9. Nd2 b6 10. Rfd1 Ne4 11. Bxd6 Nxd6 12. Nf4 Bb7 13. Nd3 Nd7 14. Rac1 Qf6 15. e3
g5 16. b3 Nf7 17. Qb2 g4 18. Nf4 Ng5 19. Qa3 Rf7 20. Rc2 Ne4 21. Nf1 Nf8 22. Qb2
Ng6 23. Nd3 h5 24. b4 h4 25. a4 hxg3 26. fxg3 Re8 27. c5 e5 28. cxb6 axb6 29. a5
bxa5 30. bxa5 Ba6 31. dxe5 Nxe5 32. Nxe5 Rxe5 33. Qb6 c5 34. Rdc1 Re6 35. Qb8+
Rf8 36. Qb2 Qg5 37. Qb3 Bxf1 38. Rxf1 c4 39. Qa3 c3 40. Rf4 Rb8 41. Qa2 Qd8 42.
Bxe4 Rxe4 43. Rxe4 fxe4 44. Rxc3 Rb5 45. Qe2 Rb1+ 46. Kg2 Qd7 47. Qc2 Qb5 48.
Rc8+ Kf7 49. Qc7+ 1/2-1/2

[Event "50th Rilton Cup 2022-23"]
[Site "Stockholm SWE"]
[Date "2022.12.28"]
[Round "2.64"]
[White "Valkama, Eero"]
[Black "Gomez Aguirre, Juan Alberto"]
[Result "1-0"]
[WhiteTitle "FM"]
[WhiteElo "2263"]
[BlackElo "2108"]
[WhiteFideId "507555"]
[BlackFideId "54587867"]
[EventDate "2022.12.27"]

1. e4 c6 2. Nc3 d5 3. Nf3 dxe4 4. Nxe4 Nf6 5. Nxf6+ exf6 6. Bc4 Bd6 7. Qe2+ Be7
8. O-O O-O 9. h3 Na6 10. Bxa6 bxa6 11. d4 Bd6 12. Re1 a5 13. a4 Qb6 14. c4 Ba6
15. Qc2 c5 16. Be3 Rac8 17. b3 cxd4 18. Nxd4 Bb7 19. Nf5 Qc6 20. f3 Bc5 21. Qf2
Bb4 22. Bd2 Bc5 23. Ne7+ Bxe7 24. Rxe7 Rc7 25. Rxc7 Qxc7 26. Qxa7 Ra8 27. Qe3
Rd8 28. Bc3 h5 29. Be1 f5 30. Bf2 f4 31. Qb6 Qxb6 32. Bxb6 Rd3 33. Rb1 g5 34.
Rb2 g4 35. hxg4 hxg4 36. fxg4 Rg3 37. Kf1 f3 38. gxf3 Bxf3 39. Bxa5 Bd1 40. b4
Rxg4 41. c5 Bxa4 42. b5 Rc4 43. b6 Bc6 44. Bb4 Kf8 45. Ba3 Rf4+ 46. Ke2 Re4+ 47.
Kd2 Rf4 48. b7 Rf2+ 49. Kc3 Rf3+ 50. Kd4 Rf4+ 51. Ke5 Re4+ 52. Kf5 Bxb7 53. c6+
Ke8 54. cxb7 1-0

[Event "50th Rilton Cup 2022-23"]
[Site "Stockholm SWE"]
[Date "2022.12.28"]
[Round "2.65"]
[White "Vagman, Roy"]
[Black "Raghav, Srivathsav V"]
[Result "1-0"]
[WhiteTitle "FM"]
[WhiteElo "2255"]
[BlackElo "2059"]
[WhiteFideId "2828995"]
[BlackFideId "5073316"]
[EventDate "2022.12.27"]

1. e4 d6 2. d4 Nf6 3. Nc3 e5 4. Nf3 Nbd7 5. Bc4 Be7 6. O-O O-O 7. Re1 c6 8. a4
b6 9. d5 c5 10. Nd2 Ne8 11. Nf1 g6 12. Bh6 Ng7 13. Qd2 a6 14. Ng3 Nf6 15. f3
Nfe8 16. Rf1 f5 17. exf5 gxf5 18. f4 e4 19. Bg5 Nf6 20. Nd1 Ng4 21. Bxe7 Qxe7
22. h3 Nf6 23. Qe2 Ra7 24. Ne3 Qf7 25. Qf2 Qg6 26. Ne2 Kh8 27. Qh4 Ngh5 28. Kf2
Rg7 29. Ke1 Ng3 30. Nxg3 Qxg3+ 31. Qxg3 Rxg3 32. Ke2 Rg7 33. Ra3 h5 34. Rb3 Nd7
35. Kf2 h4 36. Be2 Rg3 37. c3 Rf6 38. Rd1 Kh7 39. Nc4 Rfg6 40. Bf1 b5 41. axb5
axb5 42. Ne3 Nf6 43. Bxb5 Nh5 44. Be8 Nxf4 45. Bxg6+ Nxg6 46. Nf1 Rg5 47. Rb8
Ba6 48. Rb6 Bd3 49. Rxd6 f4 50. Nh2 e3+ 51. Kg1 Be2 52. Rd7+ Kh6 53. Rf1 Bxf1
54. Kxf1 Ne5 55. Rd6+ Kg7 56. Re6 Nc4 57. d6 Rd5 58. Re7+ Kf8 59. Nf3 Rxd6 60.
Rh7 Nxb2 61. Rxh4 Nd3 62. Ne1 Kg7 63. Nxd3 Rxd3 64. Rxf4 Rxc3 65. Rg4+ Kh6 66.
Ke2 c4 67. Re4 Rc2+ 68. Kf3 Rf2+ 69. Kg3 Rc2 70. Rxe3 c3 71. Re6+ Kg5 72. Re5+
Kf6 73. Rc5 Rc1 74. Kh4 c2 75. g4 Kg7 76. Rc7+ Kg6 77. Rc6+ Kg7 78. g5 Kf7 79.
Kh5 Rh1 80. Rc7+ Kf8 81. Rxc2 Rxh3+ 82. Kg6 Rg3 83. Rc8+ Ke7 84. Rg8 Rg2 85. Kh7
Rh2+ 86. Kg7 Rh1 87. g6 Ra1 88. Rf8 Rh1 89. Rf2 Rg1 90. Re2+ Kd7 91. Kf7 Rf1+
92. Kg8 Rf3 93. g7 Rg3 94. Re4 Rg2 95. Kf7 Rf2+ 96. Kg6 Rg2+ 97. Kf6 Rg1 98. Re5 1-0